Cinderella Man (Registo nº 881)

Detalhes MARC
000 -Etiqueta do registo
Cabeçalho 00448 a2200205 4500
005 - Identificador da versão
Campo de controlo 20240819123122.0
021 ## - Número do Depósito Legal
Código do país PT
035 ## - Other System Control Numbers
System Control Number 0000949
System Control Number 0000942
System Control Number 0000928
100 ## - Dados gerais de processamento
Dados gerais de processamento 20090204 m y0pory5003 ba
101 0# - Língua de publicação
Língua do texto, banda sonora, etc. Português
Língua do documento no original Inglês
102 ## - Pais de publicação ou produção
País de publicação Portugal
200 1# - Titulo e menção de responsabilidade
Título próprio Cinderella Man
Primeira menção de responsabilidade Ron Howard
210 ## - Publicação, Distribuição, etc. 
Lugar da edição, distribuição, etc. Lisboa
Nome do editor, distribuidor, etc. Lusomundo Audiovisuais
Data da publicação, distribuição, etc. 2005
215 ## - Descrição física 
Dimensões 139 minutos
942 ## - Elementos de entrada adicionados (Koha)
Tipo de item no Koha DVD
966 ## - Identificação da Biblioteca
Sigla NUMETECA
Exemplares
Situação do levantamento Origin of item (home branch) (coded) Biblioteca de empréstimo Código de barras Cota Circulation type (not for loan) Tipo de documento Nota do exemplar Damaged status
  Biblioteca Escolar Eng. Nuno Mergulhão Biblioteca Escolar Eng. Nuno Mergulhão BENM84DVD F CIN 84   DVD Sem mensagem